000 00260nam a2200097Ia 4500
001 989607
005 20251230105541.0
008 250824s9999 xx 000 0 und d
245 0 _aSHERLOCK HOLMES - BİSİKLETLİ TAKİP
_cSİR ARTHUR CONAN DOYLE
260 _bdokuz
999 _c989607
_d989607